000 00738nam a22002537a 4500
001 15014
003 BD-RjUL
005 20211208235732.0
008 140209s2007 bg a|||| |||| 001 0 eng d
020 _a9848090309
035 _a(BD-RjUL)15068
040 _aBD-RjUL
_beng
_cBD-RjUL
_dBD-RjUL
041 _aeng
082 0 4 _a333.91
_bHOM 2007
100 1 _aHossain, Faisal
_946731
245 1 0 _aModern concepts on water resources /
_cby Faisal Hossain,
260 _aAgargaon :
_bThe university Grants Commission of Bangladesh,
_c2007
300 _axv,222p. :
_bill . ;
_c24cm.
504 _aInclude index
650 0 _a Water.
_946732
650 0 _aWater -- History.
_946733
700 1 _aHossain, Delawer
_946734
942 _2ddc
_cBK
999 _c15014
_d15014